Intermodal Freight Transport and Logistics. (Record no. 3211)

MARC details
005 - DATE AND TIME OF LATEST TRANSACTION
control field 20250605114552.0
020 ## - INTERNATIONAL STANDARD BOOK NUMBER
International Standard Book Number 9 780367 890292
082 ## - DEWEY DECIMAL CLASSIFICATION NUMBER
Classification number 656.2 INT
245 ## - TITLE STATEMENT
Title Intermodal Freight Transport and Logistics.
260 ## - PUBLICATION, DISTRIBUTION, ETC.
Place of publication, distribution, etc. London,
Name of publisher, distributor, etc. CRC Press,
Date of publication, distribution, etc. 2017.
300 ## - PHYSICAL DESCRIPTION
Extent xxi,269p.; ill.; figure.; picture,; table.;
Other physical details Index.;
Dimensions 23cm.
700 ## - ADDED ENTRY--PERSONAL NAME
Other authors/Editors JASON, M. & BERGQVIST, R.
942 ## - ADDED ENTRY ELEMENTS (KOHA)
Source of classification or shelving scheme Dewey Decimal Classification
Koha item type Books
Holdings
Date last seen Total checkouts Full call number Barcode Cost, replacement price Price effective from Koha item type Lost status Source of classification or shelving scheme Damaged status Not for loan Withdrawn status Home library Current library Shelving location Date acquired Cost, normal purchase price
06/05/2025   656.2 INT DOM00059 484440.00 06/05/2025 Books   Dewey Decimal Classification       CBE Dodoma CBE Dodoma Special Reserve Collection 03/12/2025 161480.00